000 00773cam a22002411 4500
001 cd 39000031
003 DLC
005 20260227111147.0
008 880321s1939 be h 000 0 fre
010 _acd 39000031
035 _a(OCoLC)17656231
040 _aDLC
_cWaU
_dWaU
_dDLC
042 _apremarc
050 0 0 _aQ1
_b.O7 vol. 7
100 1 _aNewton, Isaac,
_d1642-1727.
245 1 0 _aLettres inédites de Newton
_b(en partie à la Pierpont Morgan Library, New York)
_c[edited by J. Pelseneer]
260 _aBruges, Belgium,
_c1939.
300 _a[523]-555 p.:
_bfacsims. ;
_c25 1/2 cm.
490 1 _aOsiris ;
_vv.7
500 _aEditor's name appears as part of running title.
700 1 _aPelseneer, Jean,
_d1903-
830 0 _aOsiris (Bruges, Belgium) ;
_v. v.7
999 _c18541
_d18541